Central Library OPAC University of Rajshahi

Cultural policy in the German Democratic Republic / (Record no. 33824)

MARC details
000 -LEADER
fixed length control field 00879nam a2200277 i 4500
001 - CONTROL NUMBER
control field 33824
003 - CONTROL NUMBER IDENTIFIER
rucl marc code BD-RjUL
005 - DATE AND TIME OF LATEST TRANSACTION
control field 20211209052050.0
008 - FIXED-LENGTH DATA ELEMENTS--GENERAL INFORMATION
fixed length control field 140511s1975 fr af i000 0 eng d
020 ## - INTERNATIONAL STANDARD BOOK NUMBER
International Standard Book Number 9231012916
035 ## - SYSTEM CONTROL NUMBER
System control number (BD-RjUL)33916
040 ## - CATALOGING SOURCE
Original cataloging agency DLC
Transcribing agency DLC
Modifying agency DLC
-- BD-RjUL
Language of cataloging eng
041 ## - LANGUAGE CODE
Language code of text/sound track or separate title eng
082 00 - DEWEY DECIMAL CLASSIFICATION NUMBER
Classification number 306.02943085
Author mark and year KOC 1975
100 1# - MAIN ENTRY--PERSONAL NAME
Personal name Koch, Hans,
Dates associated with a name 1927-
9 (RLIN) 102715
245 10 - TITLE STATEMENT
Title Cultural policy in the German Democratic Republic /
Statement of responsibility, etc. Hans Koch.
260 ## - PUBLICATION, DISTRIBUTION, ETC. (IMPRINT)
Place of publication, distribution, etc. Paris :
Name of publisher, distributor, etc. Unesco Press,
Date of publication, distribution, etc. 1975.
300 ## - PHYSICAL DESCRIPTION
Pagination 62 p., [2] leaves of plates :
Illustrations ill. ;
Size 25 cm.
490 ## - SERIES STATEMENT
Series statement Studies and documents on cultural policies
650 #0 - SUBJECT ADDED ENTRY--TOPICAL TERM
Topical term or geographic name as entry element Arts
Geographic subdivision Germany (East)
General subdivision Management.
9 (RLIN) 102716
Topical term or geographic name as entry element Art and state
Geographic subdivision Germany (East)
9 (RLIN) 102717
651 #0 - SUBJECT ADDED ENTRY--GEOGRAPHIC NAME
Geographic name Germany, East
General subdivision Intellectual life
9 (RLIN) 102718
942 ## - ADDED ENTRY ELEMENTS (KOHA)
Source of classification or shelving scheme Dewey Decimal Classification
Koha item type Books
Holdings
Lost status Source of classification or shelving scheme Damaged status Not for loan Collection code Permanent Location Current Location Shelving location Date acquired Source of acquisition Cost, normal purchase price Total Checkouts Full call number Date last seen Copy number Koha item type
  Dewey Decimal Classification     Non-fiction Central Library, University of Rajshahi Central Library, University of Rajshahi   30/08/1982 Unesco Gift 0.00   306.02943085 KOC 1975 11/05/2014 C-2 Books
  Dewey Decimal Classification   Not For Loan Non-fiction Central Library, University of Rajshahi Central Library, University of Rajshahi Reading Room 03/12/1981 UNESCO, Gift.     306.02943085 KOC 1975 11/05/2014 C-1 Books